Zwierzęta na 3 litery - Statystyki

Ogólne statystyki
  • Ten quiz został rozwiązany 375 razy
  • Średni wynik to 12 z 22
Statystyki odpowiedzi
Odpowiedź % Poprawnych
kot
95%
lis
78%
koń
70%
byk
63%
jak
62%
osa
61%
ryś
60%
wąż
60%
lew
59%
emu
56%
jeż
56%
rak
54%
tur
53%
łoś
52%
kos
51%
paw
50%
gil
41%
wół
39%
bąk
35%
lin
33%
muł
32%
gęś
30%
Nie znaleziono quizów pasujących do podanych kryteriów
Rozkład punktacji
Procent ludzi z każdym wynikiem
Percentyl według liczby udzielonych odpowiedzi
Twoja historia wyników
Nie rozwiązałeś tego quizu